Closest train stations to Roath, Cardiff Quiz Stats

 Plays Quiz not verified by Sporcle

Challenge
Share
Tweet
Embed
Score 0/42 Timer 10:00
0 Plays Today
Hint Answer % Correct
1.24 miles awayCardiff Central
90%
0.71 miles awayCardiff Queen Street
82%
1.82 miles awayHeath High Level
80%
1.77 miles awayHeath Low Level
78%
0.57 miles awayCathays
76%
1.72 miles away Cardiff Bay
72%
8.34 miles awayBarry
70%
9.90 miles awayNewport
70%
1.98 miles awayGrangetown
70%
3.89 miles awayPenarth
68%
3.91 miles awayRadyr
68%
5.94 miles awayCaerphilly
66%
5.36 miles awayTaffs Well
64%
2.90 miles awayLlanishen
60%
2.93 miles awayLlandaf
60%
1.86 miles awayNinian Park
58%
2.88 miles awayRhiwbina
56%
3.33 miles awayCogan
56%
2.92 miles awayFairwater
50%
2.97 miles awayDanescourt
50%
3.43 miles awayCoryton
50%
Hint Answer % Correct
3.73 miles awayLisvane & Thornhill
50%
2.61 miles awayBirchgrove
48%
8.29 miles awayBarry Island
48%
4.74 miles awayDinas Powys
46%
2.42 miles awayTy Glas
42%
7.41 miles awayBarry Docks
42%
9.70 miles awayTrefforest
40%
6.35 miles awayAber
38%
3.64 miles awayDingle Road
36%
6.56 miles awayCadoxton
32%
2.75 miles awayWaun-Gron Park
30%
4.13 miles awayEastbrook
30%
9.87 miles awayRhoose
30%
7.51 miles awayTrefforest Estate
26%
8.22 miles awayPye Corner
24%
8.35 miles awayRogerstone
20%
8.49 miles awayRisca & Pontymister
20%
8.21 miles awayLlanbradach
18%
3.12 miles awayWhitchurch (Cardiff)
16%
6.91 miles awayEnerglyn & Churchill Park
16%
9.08 miles awayCrosskeys
10%

You're not logged in!

Compare scores with friends on all Sporcle quizzes.
Join for Free
OR
Log In

You Might Also Like...

Show Comments

Extras

Created Apr 20, 2016ReportNominate
Tags:cardiff, station, Train Stations

Top Quizzes Today


Score Distribution

Your Account Isn't Verified!

In order to create a playlist on Sporcle, you need to verify the email address you used during registration. Go to your Sporcle Settings to finish the process.

Report this User

Report this user for behavior that violates our Community Guidelines.

Details: